Acides Aminés classification - Statistiques

Statistiques générales
  • Ce quiz a été pris 352 fois
  • Le résultat moyen est 13 sur 18
Statistiques - réponses
Hint Réponse % Correct
M METHIONINE
89%
C CYSTEINE
88%
H HISTIDINE
88%
A ALANINE
87%
I ISOLEUCINE
87%
V VALINE
87%
S SERINE
85%
F PHENYLALANINE
78%
Y TYROSINE
74%
W TRYPTOPHANE
70%
T THREONINE
69%
K LYSINE
58%
G GLYCINE
57%
R ARGININE
51%
D ASPARTATE
50%
E GLUTAMATE
49%
N ASPARAGINE
48%
Q GLUTAMINE
48%
Aucun quiz correspondant
Distribution des résultats
% des personnes avec chaque résultat
Percentile par nombre de réponses
Votre historique - résultats
Vous n’avez pas pris ce quiz